LEADER 02652oam 22006614a 450 001 9910158607303321 005 20250416110418.0 010 $a9781771122337 010 $a1771122331 010 $a9781771122320 010 $a1771122323 024 7 $a10.51644/9781771122320 035 $a(CKB)3710000001010337 035 $a(MiAaPQ)EBC4789360 035 $a(OCoLC)951847618 035 $a(MdBmJHUP)muse56082 035 $a(MiAaPQ)EBC4793290 035 $a(PPN)250539055 035 $a(DE-B1597)667580 035 $a(DE-B1597)9781771122320 035 $a(Perlego)1706895 035 $a(FR-PaCSA)88899426 035 $a(FRCYB88899426)88899426 035 $a(EXLCZ)993710000001010337 100 $a20160616d2016 uy 0 101 0 $aeng 135 $aurcnu|||||||| 181 $2rdacontent 182 $2rdamedia 183 $2rdacarrier 200 00$aNeither in Dark Speeches nor in Similitudes $eReflections and Refractions Between Canadian and American Jews /$fBarry L. Stiefel and Hernan Tesler-Mabe, editors 210 1$aWaterloo, Ontario, Canada :$cWilfrid Laurier University Press,$d2016. 210 4$d©2016 215 $a1 online resource (248 pages) $cillustrations, map 300 $aIncludes index. 311 08$a9780195438895 311 08$a0195438892 311 08$a9781771122313 311 08$a1771122315 320 $aIncludes bibliographical references and index. 330 $aNeither in Dark Speeches nor in Similitudes is an interdisciplinary collaboration of Canadian and American Jewish studies scholars who compare and contrast the experience of Jews along the chronological spectrum (ca. 1763 to the present) in their respective countries. Of particular interest to them is determining the factors that shaped the Jewish communities on either side of our common border, and why they differed. This collection equips Canadian and American Jewish historians to broaden their examination and ask new questions, as well as answer old questions based on fresh comparative data. 606 $aJews$zUnited States$xHistory 606 $aJews$zCanada$xHistory 607 $aUnited States$xEthnic relations 607 $aCanada$xEthnic relations 608 $aElectronic books. 615 0$aJews$xHistory. 615 0$aJews$xHistory. 676 $a296 701 $aBrym$b Robert J.$f1951-$0251139 701 $aShaffir$b William$01107855 701 $aWeinfeld$b M$g(Morton)$01128157 801 0$bMdBmJHUP 801 1$bMdBmJHUP 906 $aBOOK 912 $a9910158607303321 996 $aNeither in Dark Speeches nor in Similitudes$92880342 997 $aUNINA LEADER 01570nam0 22003733i 450 001 UBO3956866 005 20251003044424.0 100 $a20130107d2012 ||||0itac50 ba 101 | $aita 102 $ait 181 1$6z01$ai $bxxxe 182 1$6z01$an 183 1$6z01$anc$2RDAcarrier 200 1 $aImprese d'Italia$fMarco Fortis 210 $aMilano$cIl sole 24 ore$d2012 215 $a76 p.$d19 cm 225 | $aˆLa ‰grande crisi$v7 300 $aSupplemento di: Il sole 24 ore. 410 0$1001RMS2531078$12001 $aˆLa ‰grande crisi$v7 500 10$aImprese d'Italia$3RAV1969212$9CFIV106103$92995473 606 $aProduzione$2FIR$3CFIC012358$9I 676 $a330.1220945$9SISTEMI ECONOMICI. ECONOMIA DELLA LIBERA IMPRESA. Italia$v21 676 $a330.1220945$9SISTEMI ECONOMICI. Economia della libera impresa. Italia$v22 676 $a338.0945$9PRODUZIONE. Italia$v23 676 $a338.70945090512$9Imprese. Italia. 2010-2019$v22 700 1$aFortis$b, Marco$3CFIV106103$4070$039801 801 3$aIT$bIT-000000$c20130107 850 $aIT-BN0095 901 $bNAP 01$cPOZZO LIB.$nVi sono collocati fondi di economia, periodici di ingegneria e scienze, periodici di economia e statistica e altri fondi comprendenti documenti di economia pervenuti in dono. 912 $aUBO3956866 950 0$aBiblioteca Centralizzata di Ateneo$c1 op.$d 01POZZO LIB.F. CORTI 34$e 01 0000116305E VMA 1 op.$fB $h20230628$i20230628 977 $a 01 996 $aImprese d'Italia$92995473 997 $aUNISANNIO